| 000 | 01315pam a2200325 i 4500 | ||
|---|---|---|---|
| 001 | 020766182 | ||
| 003 | EG-ScBUE | ||
| 005 | 20230907104546.0 | ||
| 008 | 220928s2022 sz a f b 101 0 eng d | ||
| 020 | _a9783031202117 | ||
| 040 |
_aStDuBDS _beng _erda _cStDuBDS _dUk _dEG-ScBUE |
||
| 082 | 0 | 4 |
_a790.20285 _222 _bENT |
| 111 | 2 |
_aICEC (Conference) _n(21st : _d2022 : _cBremen, Germany), _jcreator. |
|
| 245 | 0 | 0 |
_aEntertainment computing - ICEC 2022 : _b21st IFIP TC 14 International Conference, ICEC 2022, Bremen, Germany, November 1-3, 2022, proceedings / _cedited by Barbara Göbl [and three others] |
| 264 | 1 |
_aCham : _bSpringer, _c2022. |
|
| 300 |
_axvii, 452 pages : _billustrations ; _c24 cm. |
||
| 336 |
_atext _2rdacontent _btxt |
||
| 337 |
_aunmediated _2rdamedia _bn |
||
| 338 |
_avolume _2rdacarrier _bnc |
||
| 490 | 0 |
_aLecture notes in computer science, _x0302-9743 ; _v13477 |
|
| 504 | _aIncludes bibliographical references and index. | ||
| 540 |
_aCurrent copyright fee: GBP19.00 _c42\0 _5Uk |
||
| 650 | 7 |
_aEntertainment computing _vCongresses. _2BUEsh |
|
| 653 |
_bART _2GD |
||
| 655 | _vReading book | ||
| 700 | 1 |
_aGöbl, Barbara, _eeditor. |
|
| 856 |
_31850-9999 _uhttp://link.springer.com/ |
||
| 942 |
_2ddc _cBB |
||
| 945 | _aLecture notes in computer science, ISSN 0302-9743 ; vol 13477 2022 | ||
| 999 |
_c30550 _d30521 |
||